| 000 | 00433cam a22001097a 4500 | ||
|---|---|---|---|
| 008 | 180718b1976 xxu||||| |||| 00| 0 eng d | ||
| 082 | _aWx4 Eu74/31 | ||
| 245 |
_aFrieght collection and delivery in urban areas: report _cby European Conference of Ministers of Transport, France |
||
| 260 |
_aParis _bEuropean Conference of Ministers of Transport _c1976 |
||
| 300 | _a87+p. | ||
| 700 | _aFrance. European Conference of Ministers of Transport | ||
| 999 |
_c504238 _d504238 |
||